| 000 | 00482nam a22001697a 4500 | ||
|---|---|---|---|
| 999 |
_c524508 _d524508 |
||
| 003 | NUST | ||
| 038 | _awaseem | ||
| 082 |
_a320.954143 _bJAV |
||
| 100 |
_aJaved, Ajeet _914880 |
||
| 245 |
_aPunjab Mein Baya Bazoo Ki Siyasat / _cAjeet Javed |
||
| 260 |
_aLahore : _bFiction House, _c1998. |
||
| 300 | _a304 p. ; | ||
| 500 | _aHardcover. | ||
| 880 |
_6100-01\r _aاجیت جاوید |
||
| 880 |
_6245-02\r _aپنجاب میں باہیں بازو کی سیاست / |
||
| 942 |
_2ddc _cBK |
||